Statistics for Biggest Cities in Vermont

Click here to take the quiz!

General Stats

  • This quiz has been taken 1,795 times
    (1,559 since last reset)
  • The average score is 8 of 20

Answer Stats

PopulationCity% Correct
44,781Burlington
93%
8,002Montpelier
89%
20,282South Burlington
57%
15,851Rutland
55%
22,094Essex
50%
12,184Brattleboro
43%
8,457Barre (city)
42%
7,923Barre (town)
42%
15,333Bennington
42%
9,152Middlebury
36%
7,364St. Johnsbury
34%
6,988St. Albans (town)
33%
17,524Colchester
29%
8,330Winooski
29%
10,103Williston
23%
7,717Shelburne
22%
9,062Springfield
20%
10,748Essex Junction
19%
10,723Milton
15%
10,686Hartford
14%

Score Distribution

Percentile by Number Answered

Percent of People with Each Score

Your Score History

You have not taken this quiz since the last reset